Formule 1 - Gagnants de Grill de Grid - Statistiques

Statistiques générales
  • Ce quiz a été pris 94 fois
    78 depuis la dernière actualisation
  • Le résultat moyen est 5 sur 8
Statistiques - réponses
Années Gagnants % Correct
2019 Red Bull (Max Verstappen & Alex Albon)
84%
2024 Oscar Piastri
78%
2025 Oscar Piastri
78%
2022 Charles Leclerc
75%
2021 Sebastian Vettel
67%
2017 Toro Rosso (Carlos Sainz & Daniil Kvyat)
56%
2023 Carlos Sainz
55%
2016 Jolyon Palmer
11%
Aucun quiz correspondant
Distribution des résultats
% des personnes avec chaque résultat
Percentile par nombre de réponses
Votre historique - résultats
Vous n’avez pas pris ce quiz depuis la dernière actualisation